Central Library OPAC University of Rajshahi
Normal view MARC view

Entry Topical Term

Number of records used in: 2

001 - CONTROL NUMBER

  • control field: 13106

003 - CONTROL NUMBER IDENTIFIER

  • control field: BD-RjUL

005 - DATE AND TIME OF LATEST TRANSACTION

  • control field: 20240521114436.0

008 - FIXED-LENGTH DATA ELEMENTS

  • fixed length control field: 240521|| aca||aabn | a|a d

040 ## - CATALOGING SOURCE

  • Original cataloging agency: BD-RjUL
  • Transcribing agency: BD-RjUL

150 ## - HEADING--TOPICAL TERM

  • Topical term or geographic name entry element: Cyanobacteria & Urea
  • General subdivision: Rice
  • Form subdivision: Yield

670 ## - SOURCE DATA FOUND

  • Source citation: Work cat.: (BD-RjUL)83791: Khatun, Mst. Wahida 5804, EFFECT OF CYANOBACTERIA AND UREA ON YIELD AND YIELD COMPONENTS OF RICE (ORYZA SATIVA L.) IN TWO SOIL TYPES OF RAJSHAHI /, 2005